000 00666nam a2200205Ii 4500
003 JO-AjNU
008 230605s9999||||xx |||||||||||||| ||und||
040 _aJO-AjNU
_bara
_erda
_cJO-AjNU
041 _aara
050 1 4 _aQD18.A65 1985
100 3 _aعبد الغني ، مصطفى لبيب,
_eauthor
_940509
245 0 0 _aالكيمياء عند العرب
250 _aط3
264 3 1 _aالقاهرة:مكتبة الانجلو المصرية ، 1985
300 _a124ص
336 _atext
_btxt
_2rdacontent
337 _aunmediated
_bn
_2rdamedia
338 _avolume
_bnc
_2rdacarrier
650 4 _aالكيمياء عند العرب -العلوم
_940510
999 _aA17197
_c20765
_d20765